To nejdůležitější v životě /

Hlavní autor: Urban, Hal, 1940-
Další autoři: Petráková, Hana
Jazyk: Čeština
Vydáno: Praha : Portál, 2015
Vydání: Vydání třetí
Témata:
Fyzický popis: 147 stran ; 20 cm
Knihy
Uloženo v:
LEADER 01912nam a2200553 i 4500
001 nkc20152721079
003 CZ PrNK
005 20151102092517.0
007 ta
008 150722s2015 xr e f 000 0 cze d
015 |a cnb002721079 
020 |a 978-80-262-0895-2  |q (brožováno) 
035 |a (OCoLC)928738660 
040 |a ABA001  |b cze  |d BOA001  |e rda 
041 1 |a cze  |h eng 
072 7 |a 316.4/.7  |x Sociální interakce. Sociální komunikace  |2 Konspekt  |9 18 
080 |a 316.628  |2 MRF 
080 |a 159.923.5  |2 MRF 
080 |a 17.024.4  |2 MRF 
080 |a 316.752  |2 MRF 
080 |a (0.062)  |2 MRF 
100 1 |a Urban, Hal,  |d 1940-  |7 mzk2004221713  |4 aut 
240 1 0 |a Life's greatest lessons.  |l Česky 
245 1 0 |a To nejdůležitější v životě /  |c Hal Urban ; z anglického originálu Life's greatest lessons přeložila Hana Petráková 
250 |a Vydání třetí 
264 1 |a Praha :  |b Portál,  |c 2015 
300 |a 147 stran ;  |c 20 cm 
336 |a text  |b txt  |2 rdacontent 
337 |a bez média  |b n  |2 rdamedia 
338 |a svazek  |b nc  |2 rdacarrier 
504 |a Obsahuje bibliografii 
650 0 7 |a seberealizace  |7 ph125451  |2 czenas 
650 0 7 |a sebezdokonalování  |7 ph116118  |2 czenas 
650 0 7 |a sebevýchova  |7 ph125456  |2 czenas 
650 0 7 |a úspěch  |7 ph128351  |2 czenas 
650 0 7 |a hodnotová orientace  |7 ph117202  |2 czenas 
650 0 9 |a self-realization  |2 eczenas 
650 0 9 |a self-actualization  |2 eczenas 
650 0 9 |a self-culture  |2 eczenas 
650 0 9 |a success  |2 eczenas 
650 0 9 |a value orientation  |2 eczenas 
655 7 |a populárně-naučné publikace  |7 fd131864  |2 czenas 
655 9 |a popular works  |2 eczenas 
700 1 |a Petráková, Hana  |7 jx20040209004  |4 trl 
910 2 |a BOA001  |b 1-1352.890 
990 |a BK 
995 |a 01 
991 |b 201510  |c NOV  |e n 
996 6 |b 2610646507  |c 1-1352.890  |l MZK  |r Sklad / do 1 hodiny  |n 0  |p p.v.  |w 001525879  |u 000010  |a 1  |e BOA001  |j MZK50  |s P